Meilleurs buteurs de la Coupe du monde - Mort subite - Statistiques

Statistiques générales
  • Ce quiz a été pris 476 fois
  • Le résultat moyen est 4 sur 15
Answers on the Grid
Answers color-coded by a green-red scale on the quiz's grid according to % correct below.
Miroslav Klose
Ronaldo
Gerd Müller
Just Fontaine
Lionel Messi
Pelé
Kylian Mbappé
Sándor Kocsis
Jürgen Klinsmann
Helmut Rahn
Gary Lineker
Gabriel Batistuta
Teófilo Cubillas
Thomas Müller
Grzegorz Lato
Eusébio
Paolo Rossi
Roberto Baggio
David Villa
Harry Kane
Neymar
Cristiano Ronaldo
Diego Maradona
Luis Suárez
Davor Suker
James Rodríguez
Thierry Henry
Zinédine Zidane
Zico
Michel Platini
 
Statistiques - réponses
Réponse % Correct
Kylian Mbappé
53%
Lionel Messi
49%
Miroslav Klose
45%
Pelé
41%
Just Fontaine
40%
Ronaldo
36%
Gerd Müller
32%
Thomas Müller
28%
Grzegorz Lato
9%
Gabriel Batistuta
8%
Sándor Kocsis
8%
Gary Lineker
7%
Jürgen Klinsmann
6%
Helmut Rahn
5%
Teófilo Cubillas
4%
Aucun quiz correspondant
Distribution des résultats
% des personnes avec chaque résultat
Percentile par nombre de réponses
Votre historique - résultats
Vous n’avez pas pris ce quiz